| 000 | 00976nac a22002897a 4500 | ||
|---|---|---|---|
| 001 | BR5500125 | ||
| 003 | BR-BrBNA | ||
| 005 | 20240105112916.0 | ||
| 008 | 230509b bl.|||m| |||| 00| 0 por d | ||
| 040 |
_aBR-BrBNA _bpor _cBiblioteca Nacional de Agricultura |
||
| 072 | _aH10 | ||
| 090 | _a3877 BR5500125 | ||
| 100 | 1 | _aCosta, J.M. da | |
| 110 | 1 |
_aInstituto Agronomico do leste, Cruz das Almas, BA (Brasil) _95624 |
|
| 245 | 1 | _aExperiencias de combate a formiga sauva. Nitrosin - Um novo formicida [Praga de planta; Inseto; Atta sexdens rubropilosa; Cruz das Almas; Bahia; Brasil] | |
| 260 | 3 |
_aCruz das Almas, BA (Brasil): _c1955. |
|
| 300 | _ap. 47-51 | ||
| 490 |
_aBoletim Tecnico - Instituto Agronomico do Leste (Brazil) _vv. 2(1) _x |
||
| 500 | _a8 illus. | ||
| 650 | _aFORMICIDA | ||
| 650 | _aSAUVA | ||
| 650 | _aERRADICACAO | ||
| 650 | _aCRUZ DAS ALMAS | ||
| 650 | _aBAHIA | ||
| 909 |
_a202312 _bLúcia Elande _c55 _dLúcia Elande |
||
| 942 |
_2AGRIS _n0 _cMS |
||
| 999 |
_c260880 _d260880 |
||